000 00659cam a2200229 4500500
005 20260405002841.0
041 _afre
042 _adc
100 1 0 _aTenaillon, Nicolas
_eauthor
245 0 0 _aDialogues with Solitudes
260 _c2018.
500 _a17
690 _aAmérique
690 _aCatalogue d’exposition
690 _aDave Heath
690 _aÉtats-Unis
690 _aExposition
690 _aPhotographie
690 _aVisage
786 0 _nPhilosophie magazine | 125 | 12 | 2018-12-01 | p. 37-37 | 1951-1787
856 4 1 _uhttps://shs.cairn.info/magazine-philosophie-magazine-2018-12-page-37?lang=fr&redirect-ssocas=7080
999 _c2061725
_d2061725